000 00474nam a2200181Ia 4500
005 20250508152944.0
008 008 250505s9999 xx 000 0 eng d
037 _aTextual
040 _aFEDL
_beng
_cFEDL
041 _aeng
_2eng
084 _a745, LEH
_qFEDL
100 _aLehmann Henry
_9762829
245 0 _aPre-columbian ceramics
260 _aLondon, UK
_bElek Books
_c1962
300 _a127p.
942 _cTEXL
_h745, LEH
999 _c1339812
_d1339812